000 00402nam a2200145 4500
001 108573
003 ES-MaACL
005 20230906184651.0
007 t|
008 061121s1922 fr r ||||1| fre d
100 1 _aMonmousseau, Gaston.
_982237
245 1 3 _aLe contrôle syndical et les comités d'usine /
_cGaston Monmousseau.
260 _aParís :
_b[s.n],
_c1922.
852 _aES-MaACL
_j1638-F-20
999 _c108573
_d108573